000
00318nam a2200121Ia 4500
008
220204s9999 xx 000 0 und d
082
_a
631.442.4
_b
RIC
245
0
_a
Soil clay mineralogy: A symposium
260
_a
USA
_b
University of North Carolina
_c
1964
700
_a
Kunze, G W
700
_a
Rich, C I
942
_c
BK
999
_c
21025
_d
21025